Statistics for Douglas Sirk Films

Click here to take the quiz!

General Stats

  • This quiz has been taken 4 times
  • The average score is 4 of 41

Answer Stats

YearFilm% Correct
1956Written on the Wind
100%
1959Imitation of Life
75%
1955All That Heaven Allows
50%
1954Magnificent Obsession
50%
1957The Tarnished Angels
50%
1958A Time to Love and a Time to Die
25%
1956There's Always Tomorrow
25%
1938 (uncredited)Accord final
0%
1953All I Desire
0%
1935April, April!
0%
1946A Scandal in Paris
0%
1957Battle Hymn
0%
1955Captain Lightfoot
0%
1936Final Accord
0%
1952Has Anybody Seen My Gal
0%
1943Hitler's Madman
0%
1957Interlude
0%
1937La Habanera
0%
1947Lured
0%
1953Meet Me at the Fair
0%
1950Mystery Submarine
0%
1956 (uncredited)Never Say Goodbye
0%
1952No Room for the Groom
0%
1935Pillars of Society
0%
1949Shockproof
0%
1954Sign of the Pagan
0%
1948Sleep, My Love
0%
1949Slightly French
0%
1944Summer Storm
0%
1953Take Me to Town
0%
1954Taza, Son of Cochise
0%
1936The Court Concert
0%
1951The First Legion
0%
1935The Girl from the Marsh Croft
0%
1951The Lady Pays Off
0%
1946 (uncredited)The Strange Woman
0%
1951Thunder on the Hill
0%
1937To New Shores
0%
1936't was een april
0%
1951Week-End with Father
0%
1939Wilton's Zoo
0%

Score Distribution

Percentile by Number Answered

Percent of People with Each Score

Your Score History

You have not taken this quiz